<?xml version="1.0" encoding="UTF-8"?>
<record
    xmlns:xsi="http://www.w3.org/2001/XMLSchema-instance"
    xsi:schemaLocation="http://www.loc.gov/MARC21/slim http://www.loc.gov/standards/marcxml/schema/MARC21slim.xsd"
    xmlns="http://www.loc.gov/MARC21/slim">

  <leader>02471nam a2200409 a 4500</leader>
  <controlfield tag="001">000003532</controlfield>
  <controlfield tag="003">DO-SdBNP</controlfield>
  <controlfield tag="005">20170523143815.0</controlfield>
  <controlfield tag="007">000003532</controlfield>
  <controlfield tag="008">090710s2007    dr a          000 0 spa d</controlfield>
  <datafield tag="020" ind1=" " ind2=" ">
    <subfield code="a">9789945421279</subfield>
  </datafield>
  <datafield tag="040" ind1=" " ind2=" ">
    <subfield code="a">BPMSU</subfield>
    <subfield code="b">spa</subfield>
    <subfield code="c">BPMSU</subfield>
  </datafield>
  <datafield tag="092" ind1=" " ind2=" ">
    <subfield code="a">374.01</subfield>
    <subfield code="b">L961m</subfield>
  </datafield>
  <datafield tag="100" ind1="1" ind2=" ">
    <subfield code="a">Luna, Josefina</subfield>
  </datafield>
  <datafield tag="245" ind1="1" ind2="0">
    <subfield code="a">Ni mucho...ni poco. buscando el balance </subfield>
    <subfield code="b">Gu&#xED;a para madres y padres de hoy /</subfield>
    <subfield code="c">Josefina Luna ; pr&#xF3;logo F&#xE9;lix L&#xF3;pez S&#xE1;nchez.</subfield>
  </datafield>
  <datafield tag="246" ind1="1" ind2="4">
    <subfield code="a">gu&#xED;a para madres y padres de hoy </subfield>
  </datafield>
  <datafield tag="260" ind1=" " ind2=" ">
    <subfield code="a">Santo Domingo :</subfield>
    <subfield code="b">CONANI,</subfield>
    <subfield code="c">2007.</subfield>
  </datafield>
  <datafield tag="300" ind1=" " ind2=" ">
    <subfield code="a">155 p. :</subfield>
    <subfield code="b">il. ;</subfield>
    <subfield code="c">24 cm.</subfield>
  </datafield>
  <datafield tag="490" ind1="1" ind2=" ">
    <subfield code="a"> (Conani)</subfield>
  </datafield>
  <datafield tag="500" ind1=" " ind2=" ">
    <subfield code="a">Incluye datos biogr&#xE1;ficos del autor en las solapas</subfield>
  </datafield>
  <datafield tag="504" ind1=" " ind2=" ">
    <subfield code="a">Incluye referencias bibliogr&#xE1;ficas y notas al pie de las p&#xE1;ginas</subfield>
  </datafield>
  <datafield tag="504" ind1=" " ind2=" ">
    <subfield code="a">Incluye bibliograf&#xED;as (p. 151-155)</subfield>
  </datafield>
  <datafield tag="505" ind1="1" ind2=" ">
    <subfield code="a">Pr&#xF3;logo -- </subfield>
    <subfield code="t">Introducci&#xF3;n -- </subfield>
    <subfield code="t">Cap&#xED;tulo 1. En los primeros a&#xF1;os -- </subfield>
    <subfield code="t">Cap&#xED;tulo 2. Las familias rotas. La experiencia del divorcio -- </subfield>
    <subfield code="t">Cap&#xED;tulo 3. Familias mal tratantes. El maltrato infantil, sus causas -- </subfield>
    <subfield code="t">Cap&#xED;tulo 4. La familia frente a los medios de comunicaci&#xF3;n -- </subfield>
    <subfield code="t">Cap&#xED;tulo 5. La sociedad y la familia frente a la homosexualidad -- </subfield>
    <subfield code="t">Cap&#xED;tulo 6. Contar nuestras propias historias nos libera -- </subfield>
    <subfield code="t">Cap&#xED;tulo 7. "Te maltrato porque te amo" o el sin sentido de los noviazgos violentos -- .</subfield>
    <subfield code="t">Cap&#xED;tulo 8. Ni&#xF1;ez, marketing y publicidad -- </subfield>
    <subfield code="t">Cap&#xED;tulo 9. Mami, papi... compr&#xE1;melo. El consumismo envuelve a los ni&#xF1;os -- </subfield>
    <subfield code="t">Cap&#xED;tulo 10. "Mi pap&#xE1; solo me dice que me proteja". Los y las adolescentes hablan -- </subfield>
    <subfield code="t">Cap&#xED;tulo 11. Voy a ser abuela. Las consecuencias del embarazo en la adolescencia -- </subfield>
    <subfield code="t">Cap&#xED;tulo 12. Juegos y los juguetes -- </subfield>
    <subfield code="t">Cap&#xED;tulo 13. Cr&#xF3;nica de una pela anunciada. Algunas verdades sobre el castigo f&#xED;sico -- </subfield>
    <subfield code="t">Cap&#xED;tulo . Guerra e infancia no combinan -- </subfield>
    <subfield code="t">Cap&#xED;tulo 15. Invertir en la infancia y la adolescencia. La forma m&#xE1;s efectiva de evitar la delicuencia -- </subfield>
    <subfield code="t">Cap&#xED;tulo 16. Educaci&#xF3;n sexual. Asignatura pendiente -- </subfield>
    <subfield code="t">Bibliograf&#xED;a</subfield>
  </datafield>
  <datafield tag="650" ind1=" " ind2="4">
    <subfield code="a">EDUCACI&#xD3;N PARA LA VIDA FAMILIAR</subfield>
  </datafield>
  <datafield tag="650" ind1=" " ind2="4">
    <subfield code="a">VIOLENCIA INFANTIL</subfield>
  </datafield>
  <datafield tag="650" ind1=" " ind2="4">
    <subfield code="a">FAMILIA</subfield>
  </datafield>
  <datafield tag="650" ind1=" " ind2="4">
    <subfield code="a">DIVORCIO</subfield>
  </datafield>
  <datafield tag="650" ind1=" " ind2="4">
    <subfield code="a">EDUCACI&#xD3;N SEXUAL</subfield>
  </datafield>
  <datafield tag="700" ind1="1" ind2="2">
    <subfield code="a">L&#xF3;pez S&#xE1;nchez, F&#xE9;lix,</subfield>
    <subfield code="e">pr&#xF3;l.</subfield>
  </datafield>
  <datafield tag="830" ind1=" " ind2="0">
    <subfield code="a">Conani</subfield>
  </datafield>
  <datafield tag="910" ind1=" " ind2=" ">
    <subfield code="a"> Reusar registro </subfield>
  </datafield>
  <datafield tag="930" ind1=" " ind2="1">
    <subfield code="l"> </subfield>
    <subfield code="m"> </subfield>
    <subfield code="h"> </subfield>
    <subfield code="8"> </subfield>
    <subfield code="f"> </subfield>
    <subfield code="p"> </subfield>
    <subfield code="g"> </subfield>
  </datafield>
  <datafield tag="942" ind1=" " ind2=" ">
    <subfield code="2">ddc</subfield>
    <subfield code="c">BK</subfield>
  </datafield>
  <datafield tag="952" ind1=" " ind2=" ">
    <subfield code="0">0</subfield>
    <subfield code="1">0</subfield>
    <subfield code="2">ddc</subfield>
    <subfield code="4">0</subfield>
    <subfield code="7">0</subfield>
    <subfield code="8">DOM</subfield>
    <subfield code="a">BPMET</subfield>
    <subfield code="b">BPMET</subfield>
    <subfield code="d">2015-03-06</subfield>
    <subfield code="l">0</subfield>
    <subfield code="o">374.01   L961m</subfield>
    <subfield code="p">BPMSU15040268</subfield>
    <subfield code="r">2015-03-06</subfield>
    <subfield code="w">2015-03-06</subfield>
    <subfield code="y">BK</subfield>
  </datafield>
  <datafield tag="952" ind1=" " ind2=" ">
    <subfield code="0">0</subfield>
    <subfield code="1">0</subfield>
    <subfield code="2">ddc</subfield>
    <subfield code="4">0</subfield>
    <subfield code="7">0</subfield>
    <subfield code="8">DOM</subfield>
    <subfield code="a">BPMET</subfield>
    <subfield code="b">BPMET</subfield>
    <subfield code="d">2015-05-15</subfield>
    <subfield code="l">0</subfield>
    <subfield code="o">374.01   L961m</subfield>
    <subfield code="p">BPMSU15051730</subfield>
    <subfield code="r">2015-05-15</subfield>
    <subfield code="t">ej. 2</subfield>
    <subfield code="w">2015-05-15</subfield>
    <subfield code="y">BK</subfield>
  </datafield>
  <datafield tag="956" ind1=" " ind2=" ">
    <subfield code="a"> </subfield>
    <subfield code="b"> </subfield>
    <subfield code="c"> </subfield>
    <subfield code="l"> </subfield>
    <subfield code="h"> </subfield>
  </datafield>
  <datafield tag="956" ind1=" " ind2=" ">
    <subfield code="a"> </subfield>
    <subfield code="b"> </subfield>
    <subfield code="c"> </subfield>
    <subfield code="l"> </subfield>
    <subfield code="h"> </subfield>
  </datafield>
  <datafield tag="956" ind1=" " ind2=" ">
    <subfield code="a">VMATEO</subfield>
    <subfield code="b">10</subfield>
    <subfield code="c">20150306</subfield>
    <subfield code="l">BND01</subfield>
    <subfield code="h">00151</subfield>
  </datafield>
  <datafield tag="999" ind1=" " ind2=" ">
    <subfield code="c">7554</subfield>
    <subfield code="d">7554</subfield>
  </datafield>
</record>
